000 00782nam a2200229 a 4500
001 84538
003 BD-RjUL
005 20241219104914.0
008 241219s1974 bg ||||| |||| 00| 0 ben d
035 _a(BD-RjUL)84538
040 _aBD-RjUL
_bben
_cBD-RjUL
041 _aben
082 _223
_a891.442
_bRAB 1974
100 _aরায়, দ্বিজেন্দ্রলাল
_9119722
245 1 0 _aবিরহ :
_b(নাটিকা) /
_cদ্বিজেন্দ্রলাল রায়
246 _a১ম সং.
260 _aঢাকা :
_bমুক্তধারা,
_c১৯৭৪
300 _a৭৬ পৃ. ;
_c২২ সেমি.
650 _aবাংলা নাটক
_9146471
650 _aBengali Drama
_9146472
942 _2ddc
_cBK
999 _c84538
_d84538